Participatory action research in natural resource management a critique of the method based on five years' experience in the Transamazonica Region of Brazil /

Bibliographic Details
Main Author: Castellanet, Christian, 1956-
Corporate Author: ProQuest (Firm)
Other Authors: Jordan, Carl F.
Format: Electronic eBook
Language:English
Published: New York : Taylor & Francis, c2002.
Subjects:
Online Access:Click to View
LEADER 01532nam a2200397 a 4500
001 EBC183232
003 MiAaPQ
005 20200520144314.0
006 m o d |
007 cr cn|||||||||
008 050601s2002 nyua sb 001 0 eng d
010 |z  2005274956 
020 |z 1560329793 
035 |a (MiAaPQ)EBC183232 
035 |a (Au-PeEL)EBL183232 
035 |a (CaPaEBR)ebr10098938 
035 |a (CaONFJC)MIL7620 
035 |a (OCoLC)252930016 
040 |a MiAaPQ  |c MiAaPQ  |d MiAaPQ 
043 |a s-bl--- 
050 4 |a HC55  |b .C33 2002 
072 0 |a P000 
072 0 |a E110 
082 0 4 |a 333.71609811  |2 21 
100 1 |a Castellanet, Christian,  |d 1956- 
245 1 0 |a Participatory action research in natural resource management  |h [electronic resource] :  |b a critique of the method based on five years' experience in the Transamazonica Region of Brazil /  |c Christian Castellanet, Carl F. Jordan. 
260 |a New York :  |b Taylor & Francis,  |c c2002. 
300 |a xii, 231 p. :  |b ill. (some col.) 
504 |a Includes bibliographical references (p. 201-211) and indexes. 
533 |a Electronic reproduction. Ann Arbor, MI : ProQuest, 2015. Available via World Wide Web. Access may be limited to ProQuest affiliated libraries. 
650 0 |a Natural resources  |z Brazil  |x Management. 
650 0 |a Action research  |z Brazil. 
655 4 |a Electronic books. 
700 1 |a Jordan, Carl F. 
710 2 |a ProQuest (Firm) 
856 4 0 |u https://ebookcentral.proquest.com/lib/matrademy/detail.action?docID=183232  |z Click to View